[Event "Titled Tuesday intern op 2nd Jan"]
[Site "Chess.com INT"]
[Date "2018.01.02"]
[Round "8"]
[White "Amin, Bassem"]
[Black "Rychagov, Andrey"]
[Result "1-0"]
[WhiteElo "2693"]
[BlackElo "2534"]
[PlyCount "77"]
[EventDate "2018.01.02"]
[EventType "swiss (blitz)"]
[EventRounds "10"]
[EventCountry "USA"]
[SourceTitle "EXT 2021"]
[Source "ChessBase"]
[SourceDate "2020.10.23"]
[SourceVersion "1"]
[SourceVersionDate "2020.10.23"]
[SourceQuality "1"]

1. e4 e6 2. d3 d5 3. Nd2 c5 4. Ngf3 Nc6 5. g3 g6 6. Bg2 Bg7 7. O-O Nf6 8. Re1 O-O 9. c3 a5 10. a4 b6 11. Nb1 dxe4 ({RR} 11... e5 12. exd5 Nxd5 13. Na3 h6 14. Nc4 Re8 15. h4 Bg4 16. Qc2 Ra7 17. Nh2 Be6 18. Qe2 f5 19. h5 gxh5 20. Qxh5 Nf6 21. Qh4 Bd5 22. Bxd5+ Nxd5 23. Qxd8 Rxd8 24. Ra3 Re7 25. Nf1 Re6 26. Kg2 {Amin,B (2681)-Ternault,M (2367) Chartres 2022 1-0 (70)}) 12. dxe4 Qxd1 13. Rxd1 Ba6 14. Bf4 $146 ({RR} 14. Na3 Rac8 15. Re1 h6 16. Bf1 Bxf1 17. Kxf1 g5 18. h3 Nd7 19. Rd1 Rcd8 20. Rd6 Nde5 21. Rxd8 Rxd8 22. Nxe5 Nxe5 23. Ke2 f5 24. exf5 exf5 25. f4 Nf7 26. Nc4 g4 27. hxg4 fxg4 28. Be3 Nd6 {Braun,C (2418)-Vandenbussche,T (2439) Netherlands NED 2023 1-0 (52)}) ({RR} 14. Na3 Rac8 15. Re1 h6 16. Bf1 Bxf1 17. Kxf1 g5 18. h3 Nd7 19. Rd1 Rcd8 20. Rd6 Nde5 21. Rxd8 Rxd8 22. Nxe5 Nxe5 23. Ke2 f5 24. exf5 exf5 25. f4 Nf7 26. Nc4 g4 27. hxg4 fxg4 28. Be3 Nd6 {Braun,C (2418)-Vandenbussche,T (2439) Netherlands NED 2023 1-0 (52)}) 14... Rfd8 15. Re1 Bd3 16. Nbd2 h6 17. Bf1 g5 18. Bxd3 Rxd3 19. Be3 Ng4 20. Nc4 Rb8 21. Rad1 Rxd1 22. Rxd1 Nge5 23. Nfxe5 Nxe5 24. Na3 Kf8 25. h3 Ke7 26. f4 gxf4 27. gxf4 Nd7 28. Kf2 h5 29. Kf3 Bh6 30. Nc4 e5 31. f5 Bxe3 32. Nxe3 Nf6 33. Nc4 h4 34. Nxe5 Rg8 35. Nc6+ Kf8 36. Rd8+ Ne8 37. Kf4 Rg3 38. f6 Rg1 39. Ne5 1-0

[Event "NOR-ch rapid"]
[Site "Drammen"]
[Date "2018.01.07"]
[Round "8"]
[White "Lie, Kjetil A"]
[Black "Urkedal, Frode Olav Olsen"]
[Result "1-0"]
[WhiteElo "2537"]
[BlackElo "2572"]
[PlyCount "71"]
[EventDate "2018.01.06"]
[EventType "swiss (rapid)"]
[EventRounds "10"]
[EventCountry "NOR"]
[SourceTitle "CBM 182 Extra"]
[Source "ChessBase"]
[SourceDate "2018.02.23"]
[SourceVersion "1"]
[SourceVersionDate "2018.02.23"]
[SourceQuality "1"]

1. Nf3 Nf6 2. d3 g6 3. g3 Bg7 4. Bg2 O-O 5. O-O c5 6. e4 Nc6 7. Re1 d6 8. c3 Bg4 9. h3 Bxf3 10. Bxf3 b5 ({RR} 10... Nd7 11. Bg2 Rb8 12. Be3 Qc7 13. Na3 b5 14. Nc2 b4 15. d4 a5 16. Qd2 a4 17. Bf1 bxc3 18. bxc3 Qa5 19. Qd3 Rb2 20. Na3 cxd4 21. cxd4 Nde5 22. dxe5 Nxe5 23. Nc4 Nxd3 24. Nxa5 Nxe1 25. Rxe1 {Ljubojevic,L (2600)-Anand,V (2715) Monte Carlo 1994 0-1}) 11. Be3 Nd7 12. d4 $146 ({RR} 12. Bg2 Rb8 13. d4 b4 14. e5 Qb6 15. exd6 exd6 16. dxc5 Nxc5 17. Qxd6 bxc3 18. Nxc3 Nd4 19. Qxb6 Rxb6 20. b3 Re6 21. Rad1 Nc2 22. Bxc5 Nxe1 23. Bxf8 Bxf8 24. Rd7 Nxg2 25. Kxg2 Bc5 26. Na4 Bb4 {Ticona Rocabado,L (2371)-Kosakowski,J (2482) chess.com INT 2024 0-1 (52)}) ({RR} 12. Bg2 Rb8 13. d4 b4 14. e5 Qb6 15. exd6 exd6 16. dxc5 Nxc5 17. Qxd6 bxc3 18. Nxc3 Nd4 19. Qxb6 Rxb6 20. b3 Re6 21. Rad1 Nc2 22. Bxc5 Nxe1 23. Bxf8 Bxf8 24. Rd7 Nxg2 25. Kxg2 Bc5 26. Na4 Bb4 {Ticona Rocabado,L (2371)-Kosakowski,J (2482) chess.com INT 2024 0-1 (52)}) 12... b4 13. e5 bxc3 14. bxc3 Rc8 15. e6 fxe6 16. Bg4 Kh8 17. Bxe6 cxd4 18. cxd4 Rf6 19. Bg4 h5 20. Be2 Qa5 21. Nd2 Nb4 22. Ne4 Re6 23. Bf3 Nc2 24. Rc1 Nb6 25. Re2 Nxe3 26. Rxc8+ Nxc8 27. Rxe3 d5 28. Qc1 Nb6 29. Ng5 Rxe3 30. Qxe3 Bf6 31. Ne6 Kh7 32. Kg2 Qxa2 33. Qd3 Qc4 34. Nf8+ Kg7 35. Qxg6+ Kxf8 36. Bxh5 1-0

[Event "Yerevan Margaryan Memorial"]
[Site "Yerevan"]
[Date "2018.01.09"]
[Round "1"]
[White "Maghsoodloo, Parham"]
[Black "Moiseenko, Vadim"]
[Result "1-0"]
[WhiteElo "2572"]
[BlackElo "2554"]
[PlyCount "121"]
[EventDate "2018.01.09"]
[EventType "tourn"]
[EventRounds "9"]
[EventCountry "ARM"]
[EventCategory "11"]
[SourceTitle "CBM 183"]
[Source "ChessBase"]
[SourceDate "2018.03.14"]
[SourceVersion "1"]
[SourceVersionDate "2018.03.14"]
[SourceQuality "1"]

1. Nf3 Nf6 2. g3 c5 3. Bg2 Nc6 4. O-O g6 5. c3 Bg7 6. d3 O-O 7. e4 d6 8. Nfd2 ({RR} 8. Ne1 Nd7 9. f4 b5 10. Nd2 b4 11. c4 Bb7 12. Ndf3 e6 13. Qe2 Qb6 14. Be3 Rae8 15. Rd1 f5 16. Qc2 Nd4 17. Nxd4 cxd4 18. Bf2 Nc5 19. exf5 gxf5 20. b3 e5 21. Bxb7 Qxb7 22. Ng2 Bf6 {Weindl,A (2360)-Tukmakov,V (2520) Bern 1991 0-1 (31)}) 8... e5 ({RR} 8... Rb8 9. f4 Bg4 10. Qc2 Qd7 11. a4 a6 12. a5 Bh3 13. Nc4 Bxg2 14. Qxg2 e6 15. g4 d5 16. Nb6 Qd8 17. g5 Ne8 18. exd5 Nxa5 19. Rxa5 Qxb6 20. Ra1 exd5 21. Qxd5 Nc7 22. Qf3 f6 23. h4 {Heydarova,A (1724)-Teryaeva,V (1717) Sochi 2016 1-0 (42)}) 9. a3 $146 ({RR} 9. f4 Ng4 10. Nf3 c4 11. Qd2 f5 12. h3 Qb6+ 13. Kh1 Nf6 14. exf5 Bxf5 15. dxc4 exf4 16. Nh4 f3 17. Bxf3 Bxh3 18. Bg2 Bxg2+ 19. Qxg2 Ng4 20. Bf4 Ne3 21. Bxe3 Rxf1+ 22. Qxf1 Qxe3 23. Qg1 Qe4+ {Usoltseva,P (1813)-Bezkorovaina,M (1871) Kiev 2010 0-1 (54)}) 9... b6 10. b4 a6 11. f4 Bg4 12. Qe1 exf4 13. gxf4 Re8 14. h3 Bh5 15. Qf2 Rc8 16. Bb2 b5 17. Re1 Nd7 18. Nf1 Nb6 19. Ra2 Na4 20. Ba1 a5 21. bxa5 Qxa5 22. Rc2 b4 23. cxb4 cxb4 24. Bxg7 Kxg7 25. Ng3 Qb6 26. Qxb6 Nxb6 27. Rec1 bxa3 28. Nxa3 Nd4 29. Rxc8 Nxc8 30. Nc2 Ne2+ 31. Nxe2 Bxe2 32. Nb4 Ne7 33. Kf2 Rb8 34. Rc4 Bd1 35. Rd4 Bb3 36. h4 Rb6 37. Bh3 Be6 38. Bxe6 fxe6 39. Kf3 Kf7 40. Nc2 e5 41. fxe5 dxe5 42. Rd8 Rb3 43. Ke3 Rb2 44. Ne1 Nc6 45. Rd5 Ke6 46. Nf3 h6 47. Nd2 Ke7 48. Nc4 Rh2 49. Nxe5 Nxe5 50. Rxe5+ Kf6 51. Re8 Rh3+ 52. Kd4 Rxh4 53. Kd5 g5 54. e5+ Kf7 55. Rh8 Rh3 56. e6+ Kf6 57. Rf8+ Ke7 58. Rf7+ Ke8 59. d4 g4 60. Rh7 Kf8 61. e7+ 1-0

[Event "Dvorkovich Memorial rapid op"]
[Site "Taganrog"]
[Date "2018.01.14"]
[Round "11"]
[White "Sjugirov, Sanan"]
[Black "Esipenko, Andrey"]
[Result "1-0"]
[WhiteElo "2652"]
[BlackElo "2571"]
[PlyCount "137"]
[EventDate "2018.01.13"]
[EventType "swiss (rapid)"]
[EventRounds "11"]
[EventCountry "RUS"]
[SourceTitle "CBM 182 Extra"]
[Source "ChessBase"]
[SourceDate "2018.02.23"]
[SourceVersion "1"]
[SourceVersionDate "2018.02.23"]
[SourceQuality "1"]

1. Nf3 Nf6 2. g3 b5 3. Bg2 Bb7 4. O-O e6 5. d3 d5 6. c4 a6 7. cxd5 Nxd5 8. a4 Nd7 ({RR} 8... Be7 9. axb5 axb5 10. Rxa8 Bxa8 11. Qb3 c6 12. Nc3 O-O 13. Bd2 b4 14. Ne4 c5 15. Rc1 Nd7 16. Be1 Bb7 17. Qd1 h6 18. Ned2 N5b6 19. Ne5 Bxg2 20. Nxd7 Qxd7 21. Kxg2 Qd5+ 22. Kg1 Ra8 23. Ra1 {Artemiev,V (2699)-Mamedyarov,S (2762) chess24.com INT 2021 ½-½ (89)}) 9. axb5 ({RR} 9. Bg5 Be7 10. Bxe7 Qxe7 11. Na3 Qb4 12. axb5 axb5 13. Qd2 Qxd2 14. Nxd2 c6 15. Nc2 Ke7 16. Nb3 c5 17. Na5 Rab8 18. d4 Rhc8 19. Nxb7 Rxb7 20. Bxd5 exd5 21. dxc5 b4 22. Nd4 Rxc5 23. Rfd1 g6 {Bailet,P (2478)-Rodriguez Ferreiros,A (2085) Maia POR 2024 1-0 (33)}) 9... axb5 10. Rxa8 Qxa8 11. e4 $146 ({RR} 11. Qb3 c6 12. Nc3 Be7 13. Nxd5 exd5 14. Bd2 O-O 15. Rc1 c5 16. Qxb5 Bc6 17. Qb3 Bf6 18. Qc2 Rb8 19. d4 Ba4 20. Qf5 cxd4 21. b4 g6 22. Qf4 Qa7 23. Bh3 Qb6 24. Qc7 Rd8 25. Bxd7 Qxc7 {Niemi,K (2338)-Sipila,V (2447) Finland 2017 0-1 (36)}) 11... N5f6 12. Nc3 c6 13. h3 Be7 14. Be3 O-O 15. Qc2 Rc8 16. Rd1 Qa5 17. d4 b4 18. e5 Nd5 19. Nxd5 cxd5 20. Qd2 Qa2 21. Bg5 Bf8 22. Rc1 Nb6 23. Rxc8 Bxc8 24. Qc2 Nc4 25. Bc1 Bd7 26. Kh2 Ba4 27. Qd3 h6 28. g4 Nxb2 29. Qd2 Qc4 30. Bxb2 b3 31. Qc1 Qd3 32. Kg1 Bb4 33. h4 Bb5 34. h5 Qc4 35. Qa1 Qc2 36. g5 Be2 37. gxh6 gxh6 38. Nh2 Be1 39. f4 Bd1 40. Kh1 Bg3 41. f5 exf5 42. Nf1 Bf4 43. e6 fxe6 44. Qa8+ Kf7 45. Ba3 Bxh5 46. Qf8+ Kg6 47. Be7 Be2 48. Qe8+ Kg7 49. Qf8+ Kg6 50. Qe8+ Kg7 51. Bf8+ Kf6 52. Qe7+ Kg6 53. Qxe6+ Kh5 54. Ng3+ Kg4 55. Nxe2 b2 56. Nxf4 b1=Q+ 57. Kh2 Qh1+ 58. Kxh1 Qc1+ 59. Kh2 Qxf4+ 60. Kh1 Qc1+ 61. Kh2 Qf4+ 62. Kg1 Qxd4+ 63. Kh1 Kg3 64. Bd6+ f4 65. Qh3+ Kf2 66. Qf3+ Ke1 67. Bxf4 Qc4 68. Qe3+ Kd1 69. Qd2# 1-0

[Event "Dvorkovich Memorial op"]
[Site "Taganrog"]
[Date "2018.01.22"]
[Round "8"]
[White "Pridorozhni, Aleksei"]
[Black "Timofeev, Artyom"]
[Result "1-0"]
[WhiteElo "2571"]
[BlackElo "2563"]
[PlyCount "139"]
[EventDate "2018.01.15"]
[EventType "swiss"]
[EventRounds "9"]
[EventCountry "RUS"]
[SourceTitle "CBM 182 Extra"]
[Source "ChessBase"]
[SourceDate "2018.02.23"]
[SourceVersion "1"]
[SourceVersionDate "2018.02.23"]
[SourceQuality "1"]

1. e4 c5 2. Nf3 d6 3. g3 Nc6 4. Bg2 g6 5. O-O Bg7 6. c3 e5 7. Na3 Nge7 8. Nc2 O-O 9. d4 cxd4 10. cxd4 Nxd4 11. Nfxd4 exd4 12. Nxd4 d5 13. exd5 Nxd5 14. a4 Nb4 15. Be3 Nd5 16. Bc1 Nb4 17. Nb5 Qxd1 $146 ({RR} 17... Nd3 18. Nc3 Be6 19. Nd5 Bxd5 20. Qxd3 Bxg2 21. Qxd8 Rfxd8 22. Kxg2 Rac8 23. Be3 Bd4 24. Ra3 Bxe3 25. Rxe3 Re8 26. Rd3 Red8 27. Re3 Re8 28. Rd3 Red8 29. Re3 Re8 {½-½ (29) Timofeev,A (2563)-Kardashevskiy,E (2400) Moscow 2018}) 18. Rxd1 Bg4 19. Rd6 a6 20. Nc3 Rad8 21. Rxd8 Rxd8 22. Bg5 Rd7 23. h3 Be6 24. Ne4 Nd5 25. Nc5 Rc7 26. Nxe6 fxe6 27. Rc1 Rxc1+ 28. Bxc1 Bd4 29. Kf1 b5 30. axb5 axb5 31. Be4 Kf7 32. Ke2 Nb4 33. Bb1 Kf6 34. Kf3 h5 35. h4 Kf7 36. Ke2 Kf6 37. Kf1 Kf7 38. b3 Nd5 39. Bd3 b4 40. Bg5 Nc3 41. Bd2 Bc5 42. Bc2 Nb5 43. Bd3 Nc3 44. Kg2 Nd1 45. Be1 Nc3 46. Kf3 Kf6 47. Bc2 Kf7 48. Bd2 Kf6 49. Bg5+ Kf7 50. Be3 Bxe3 51. Kxe3 e5 52. Kd3 Kf6 53. Kc4 Na2 54. Kc5 g5 55. Kc4 gxh4 56. gxh4 Kf7 57. Bd1 Kg6 58. Bf3 Kh6 59. Bc6 Kg6 60. Be8+ Kf5 61. Bxh5 e4 62. Bd1 Kf4 63. Bc2 Kg4 64. Bxe4 Kxh4 65. Kd4 Kg5 66. Ke5 Nc1 67. f4+ Kh6 68. Kd6 Nxb3 69. f5 Kg5 70. Ke7 1-0

[Event "PRO League Stage"]
[Site "Chess.com INT"]
[Date "2018.01.18"]
[Round "1"]
[White "Iturrizaga Bonelli, Eduardo"]
[Black "Hambleton, Aman"]
[Result "1-0"]
[WhiteElo "2650"]
[BlackElo "2501"]
[PlyCount "115"]
[EventDate "2018.01.18"]
[EventType "team-swiss (rapid)"]
[EventRounds "9"]
[EventCountry "USA"]
[SourceTitle "CBM 182 Extra"]
[Source "ChessBase"]
[SourceDate "2018.02.23"]
[SourceVersion "1"]
[SourceVersionDate "2018.02.23"]
[SourceQuality "1"]
[WhiteTeam "Miami Champions"]
[BlackTeam "Montreal ChessBrahs"]
[WhiteTeamCountry "USA"]
[BlackTeamCountry "CAN"]

1. Nf3 d5 2. c4 d4 3. b4 a5 4. b5 c5 5. e3 ({RR} 5. bxc6 Nxc6 6. d3 e5 7. g3 Bb4+ 8. Nfd2 Nf6 9. Bg2 O-O 10. O-O Bg4 11. h3 Bh5 12. a3 Be7 13. Ne4 Nxe4 14. Bxe4 f5 15. Bg2 e4 16. g4 fxg4 17. Bxe4 gxh3 18. Kh1 Bd6 19. Nd2 Qd7 {Bogumil,T (2060)-Gunina,V (2425) Moscow RUS 2025 0-1}) 5... g6 6. exd4 Bg7 $146 ({RR} 6... cxd4 7. d3 Bg7 8. g3 Nd7 9. Bg2 Nc5 10. Ba3 Qb6 11. O-O Bf5 12. Nh4 Bc8 13. Qe2 Bf6 14. Nd2 Bxh4 15. gxh4 Ne6 16. Qe5 f6 17. Qg3 Nh6 18. Be4 Nf5 19. Bxf5 gxf5 20. Qf3 Nf8 21. Qh5+ {Tartakower,S-Janowski,D New York 1924 1-0 (32)}) ({RR} 6... cxd4 7. d3 Bg7 8. g3 b6 9. Bg2 Bb7 10. O-O Nf6 11. Re1 O-O 12. Bb2 Ra7 13. Nbd2 Ba8 14. Nb3 Bxf3 15. Qxf3 a4 16. Nxd4 Ne8 17. Nc6 Nxc6 18. Bxg7 Nd4 19. Bxd4 Qxd4 20. Qe3 Qxe3 21. fxe3 {Kazakouski,V (2539)-Yuffa,D (2587) Katowice POL 2022 1-0 (47)}) ({RR} 6... cxd4 7. g3 Bg7 8. d3 Nh6 9. Bg2 O-O 10. O-O Re8 11. Re1 Nf5 12. Qc2 Nd7 {½-½ (12) Caletka,R (2337)-Rojicek,V (2393) Czech Republic 2018}) 7. Na3 Nh6 8. Rb1 cxd4 9. d3 Nd7 10. Be2 O-O 11. Nxd4 Nc5 12. Nb3 Na4 13. Bxh6 Bxh6 14. Qc2 Bg7 15. d4 e5 16. Nd2 exd4 17. Qxa4 d3 18. Bf3 Re8+ 19. Kd1 Qd4 20. h3 Bf5 21. Rb3 Rad8 22. Qxa5 Ra8 23. Qb4 Bf8 24. Qc3 Qxc3 25. Rxc3 Bxa3 26. Bxb7 Ra4 27. Bc6 Rb8 28. g4 Be6 29. Rxd3 Bb4 30. a3 Bxa3 31. Kc2 Bc5 32. Bd5 Bd7 33. Ne4 Be7 34. Rb1 Kf8 35. b6 f5 36. gxf5 gxf5 37. Nc3 Ra5 38. b7 Bc5 39. f4 Ke7 40. Re1+ Kf6 41. Bf3 Be6 42. Bd5 Bd7 43. Rd2 Bb4 44. Rde2 Ra3 45. Re3 Bc5 46. Rd3 Bb4 47. Rb1 Bc5 48. Nb5 Ra5 49. Nd4 Ra2+ 50. Rb2 Ra1 51. Nc6 Bxc6 52. Bxc6 Ke7 53. Rb5 Bd6 54. Rxf5 Ra2+ 55. Kb1 Rf2 56. Re3+ Kd8 57. Rf7 Be7 58. Rexe7 1-0

[Event "PRO League Stage"]
[Site "Chess.com INT"]
[Date "2018.01.25"]
[Round "2"]
[White "Meier, Georg"]
[Black "Sebenik, Matej"]
[Result "1-0"]
[WhiteElo "2647"]
[BlackElo "2551"]
[PlyCount "133"]
[EventDate "2018.01.18"]
[EventType "team-swiss (rapid)"]
[EventRounds "9"]
[EventCountry "USA"]
[SourceTitle "CBM 182 Extra"]
[Source "ChessBase"]
[SourceDate "2018.02.23"]
[SourceVersion "1"]
[SourceVersionDate "2018.02.23"]
[SourceQuality "1"]
[WhiteTeam "Stockholm Snowballs"]
[BlackTeam "Ljubljana Turtles"]
[WhiteTeamCountry "SWE"]
[BlackTeamCountry "SLO"]

1. Nf3 Nf6 2. g3 c5 3. Bg2 g6 4. b3 Bg7 5. Bb2 O-O 6. c4 d5 7. cxd5 Nxd5 8. Bxg7 Kxg7 9. O-O Nc6 10. d4 cxd4 11. Nxd4 Nxd4 12. Qxd4+ Nf6 13. Qe5 Qb6 14. Nc3 Be6 15. Na4 Qb4 16. Qc5 ({RR} 16. Nc5 Bg4 17. h3 Rac8 18. Nd3 {1-0 (18) Roiz,M (2600)-Al Sayed,M (2520) Berlin 2015}) ({RR} 16. Nc5 Bd5 17. Qxe7 Qb6 18. Bxd5 Rae8 19. Ne6+ Qxe6 20. Qxf8+ Kxf8 21. Bxe6 Rxe6 22. e3 Ne4 23. Rac1 Ra6 24. Rc2 h5 25. Rd1 Kg7 26. Rd7 b6 27. Rcc7 Rxa2 28. Rxf7+ Kh6 29. Rxa7 Rb2 30. h4 g5 {Erdogmus,Y (2618)-Faizrakhmanov,R (2420) chess.com INT 2025 1-0 (37)}) ({RR} 16. Nc5 Bd5 17. Qxe7 Kg8 18. Qxf6 Bxg2 19. Ne6 fxe6 20. Qxe6+ Kg7 21. Qe5+ {1-0 (21) Meier,G (2656)-Reich,T (2406) Germany 2015}) 16... a5 17. Qxb4 axb4 18. Bxb7 Ra5 $146 ({RR} 18... Ra7 19. Bf3 Rc8 20. Rac1 Rxc1 21. Rxc1 Bd7 22. Nc5 Rxa2 23. Nxd7 Nxd7 24. Rc4 Ne5 25. Rxb4 Nxf3+ 26. exf3 h5 27. h4 Rb2 28. Kg2 e5 29. g4 Kf6 30. Rb6+ Ke7 31. g5 Kd7 32. b4 Rb1 33. b5 {Mikaelyan,A (2529)-Wen,T (2263) chess.com INT 2024 1-0 (49)}) ({RR} 18... Ra7 19. Bf3 Rc8 20. Rac1 Rxc1 21. Rxc1 Bd7 22. Nc5 Rxa2 23. Nxd7 Nxd7 24. Rc4 Ne5 25. Rxb4 Nxf3+ 26. exf3 h5 27. h4 Rb2 28. Kg2 e5 29. g4 Kf6 30. Rb6+ Ke7 31. g5 Kd7 32. b4 Rb1 33. b5 {Mikaelyan,A (2529)-Wen,T (2263) chess.com INT 2024 1-0 (49)}) 19. Rfc1 Rd8 20. Rc5 Ra7 21. Bc6 Rd2 22. Kf1 Nd7 23. Rcc1 Ne5 24. Ke1 Rd6 25. Bg2 Bd7 26. Nc5 Bb5 27. Rc2 Nc6 28. Bxc6 Rxc6 29. Rac1 Rac7 30. Kd2 Rd6+ 31. Ke3 Rdc6 32. Kd2 Rd6+ 33. Nd3 Rcd7 34. Rc7 Rd8 35. Rc8 R8d7 36. R1c7 Bxd3 37. Rxd7 Rxd7 38. exd3 Ra7 39. Rc2 Kf6 40. d4 Ke6 41. Kd3 Kd5 42. g4 g5 43. Rc5+ Kd6 44. Rxg5 Rxa2 45. Rf5 f6 46. Kc4 Rd2 47. h4 h6 48. f3 Rh2 49. h5 Rd2 50. d5 Rc2+ 51. Kxb4 Rc1 52. Kb5 Rc3 53. b4 Rb3 54. Ka5 Ra3+ 55. Kb6 Rb3 56. b5 Rb1 57. Rf4 Kxd5 58. Kc7 Rxb5 59. Rf5+ e5 60. Rxf6 Rb3 61. Rd6+ Kc5 62. Rxh6 Rxf3 63. Rg6 e4 64. h6 e3 65. Re6 Kd5 66. Re7 Rf6 67. h7 1-0

[Event "PRO League Stage"]
[Site "Chess.com INT"]
[Date "2018.01.31"]
[Round "3"]
[White "Gorovets, Andrey"]
[Black "Chirila, Ioan Cristian"]
[Result "1-0"]
[WhiteElo "2517"]
[BlackElo "2557"]
[PlyCount "87"]
[EventDate "2018.01.18"]
[EventType "team-swiss (rapid)"]
[EventRounds "9"]
[EventCountry "USA"]
[SourceTitle "CBM 182 Extra"]
[Source "ChessBase"]
[SourceDate "2018.02.23"]
[SourceVersion "1"]
[SourceVersionDate "2018.02.23"]
[SourceQuality "1"]
[WhiteTeam "Dallas Destiny"]
[BlackTeam "San Jose Hackers"]
[WhiteTeamCountry "USA"]
[BlackTeamCountry "USA"]

1. Nf3 Nf6 2. g3 g6 3. b3 Bg7 4. Bb2 O-O 5. Bg2 d5 6. c4 dxc4 7. bxc4 c5 8. O-O Nc6 9. d3 Re8 ({RR} 9... Bf5 10. Nc3 Qd7 11. Re1 Rac8 12. Rb1 b6 13. Nb5 Bh3 14. Bh1 Ne8 15. Bxg7 Nxg7 16. Ng5 Bg4 17. Qd2 h6 18. Ne4 Kh7 19. Nec3 f5 20. f3 Bh5 21. f4 e6 22. Bg2 Rfd8 23. Kh1 Qe7 24. Qe3 {Radjabov,T (2744)-Jakovenko,D (2736) Khanty-Mansiysk 2011 1-0 (48)}) 10. Ne5 Nd4 $146 ({RR} 10... Bd7 11. Nxc6 Bxc6 12. Bxc6 bxc6 13. Nd2 e5 14. Qa4 Qc7 15. Rab1 e4 16. Bxf6 Bxf6 17. Nxe4 Bd4 18. e3 Bg7 19. Nxc5 Qd6 20. d4 h5 21. Rb7 h4 22. Qc2 hxg3 23. hxg3 Re7 24. Rxe7 Qxe7 25. Qe4 {Bauza,A (2205)-Bassan,R (2179) ICC INT 2009 1-0 (62)}) ({RR} 10... Qc7 11. Nxc6 bxc6 12. Nd2 Rb8 13. Bc3 Bf5 14. Qa4 Rec8 15. Rab1 Rxb1 16. Rxb1 h5 17. Qa6 Nd7 18. Rb7 Qd6 19. Bxg7 Kxg7 20. Rxa7 Rb8 21. Rb7 Rxb7 22. Qxb7 Qe5 23. Kf1 Qc3 24. Nf3 Ne5 25. Qb3 {Theodorou,N (2611)-Rustamov,R (2301) chess.com INT 2025 ½-½ (90)}) ({RR} 10... Nxe5 11. Bxe5 Ng4 12. Bxg7 Kxg7 13. Qc1 e5 14. Nc3 Nf6 15. Rb1 Qe7 16. Qa3 Qc7 17. Rb5 Nd7 18. Rfb1 a6 19. R5b3 Rb8 20. Qb2 Qd6 21. a4 f5 22. a5 Kf8 23. Bd5 Ke7 24. Qc1 b6 25. Qh6 {Hausrath,D (2494)-Wilbert,S (2033) Herne 2018 1-0 (39)}) 11. e3 Nf5 12. Qc2 Qc7 13. Nd2 Nd6 14. Rab1 Bf5 15. h3 Rad8 16. e4 Bc8 17. f4 Nd7 18. Ndf3 b6 19. Ng4 Nf6 20. e5 Bxg4 21. exd6 exd6 22. hxg4 Nxg4 23. Bxg7 Kxg7 24. Rfe1 Ne3 25. Qb2+ f6 26. Ng5 Qd7 27. Bh3 Nf5 28. Ne4 Re6 29. Bxf5 gxf5 30. Nc3 Rde8 31. Kf2 Qf7 32. Rxe6 Rxe6 33. Rh1 Qe8 34. Qd2 Qc6 35. Re1 Rxe1 36. Qxe1 Qd7 37. Nd5 Kf7 38. Qe2 b5 39. Qh5+ Kg7 40. Ne3 bxc4 41. dxc4 Qa4 42. Nxf5+ Kg8 43. Qe2 Qd7 44. Qe4 1-0

[Event "PRO League Stage"]
[Site "Chess.com INT"]
[Date "2018.01.31"]
[Round "3"]
[White "Amin, Bassem"]
[Black "Hambleton, Aman"]
[Result "1-0"]
[WhiteElo "2693"]
[BlackElo "2501"]
[PlyCount "39"]
[EventDate "2018.01.18"]
[EventType "team-swiss (rapid)"]
[EventRounds "9"]
[EventCountry "USA"]
[SourceTitle "CBM 182 Extra"]
[Source "ChessBase"]
[SourceDate "2018.02.23"]
[SourceVersion "1"]
[SourceVersionDate "2018.02.23"]
[SourceQuality "1"]
[WhiteTeam "Montclair Sopranos"]
[BlackTeam "Montreal ChessBrahs"]
[WhiteTeamCountry "USA"]
[BlackTeamCountry "CAN"]

1. e4 c5 2. d3 e6 3. g3 d5 4. Nd2 Nc6 5. Bg2 Nge7 6. Ngf3 g6 7. O-O Bg7 8. Re1 O-O 9. h4 dxe4 10. Nxe4 b6 11. h5 Bb7 12. hxg6 hxg6 13. Nfg5 Nf5 14. Qg4 Re8 $146 ({RR} 14... Ncd4 15. Qh3 Nh6 16. Nxe6 Bc8 17. Bxh6 Bxe6 18. Qh1 Nxc2 19. Ng5 Nxa1 20. Rxe6 fxe6 21. Bxg7 Qxg5 22. Qh8+ Kf7 23. Qh7 Qc1+ 24. Kh2 Ke7 25. Bxf8+ Kxf8 26. Qh8+ Kf7 27. Bxa8 Qd2 28. Qh7+ Kf8 29. Qh8+ {Drabke,L (2455)-Schild,C (2362) Germany 2013 1-0 (49)}) ({RR} 14... Ncd4 15. Qh3 Re8 16. Qh7+ Kf8 17. Nxf7 Kxf7 18. Ng5+ Qxg5 19. Bxg5 Nf3+ 20. Bxf3 Bxf3 21. Re3 Nxe3 22. fxe3 Rh8 23. Qxh8 Rxh8 24. Rf1 Rh1+ {0-1 (24) Amin,B (2691)-Guseinov,G (2661) chess.com INT 2023}) 15. Qh3 Nd6 16. Qh7+ Kf8 17. Nxd6 Qxd6 18. Ne4 Qd4 19. c3 Qd8 20. Bg5 1-0

[Event "PRO League Stage"]
[Site "Chess.com INT"]
[Date "2018.01.31"]
[Round "3"]
[White "Carlsen, Magnus"]
[Black "Urkedal, Frode Olav Olsen"]
[Result "1-0"]
[WhiteElo "2834"]
[BlackElo "2572"]
[PlyCount "99"]
[EventDate "2018.01.18"]
[EventType "team-swiss (rapid)"]
[EventRounds "9"]
[EventCountry "USA"]
[SourceTitle "CBM 182 Extra"]
[Source "ChessBase"]
[SourceDate "2018.02.23"]
[SourceVersion "1"]
[SourceVersionDate "2018.02.23"]
[SourceQuality "1"]
[WhiteTeam "Norway Gnomes"]
[BlackTeam "Oslo Trolls"]
[WhiteTeamCountry "NOR"]
[BlackTeamCountry "NOR"]

1. Nc3 Nf6 2. Nf3 d5 3. g3 g6 4. Bg2 Bg7 5. O-O O-O 6. d3 c5 7. Bf4 ({RR} 7. Bg5 h6 8. Bxf6 Bxf6 9. Nd2 e6 10. e4 Nc6 11. Rb1 d4 12. Ne2 e5 13. f4 exf4 14. gxf4 Bg4 15. h3 Bh5 16. e5 Bg7 17. Ne4 Ne7 18. N4g3 Bxe2 19. Qxe2 Qc7 20. b4 cxb4 21. Rxb4 Nc6 {Karlsson,L (2520)-Hellers,F (2490) Esbjerg 1988 1-0 (41)}) 7... Nc6 8. Ne5 Nd4 ({RR} 8... Bd7 9. Nxd7 Qxd7 10. Rb1 d4 11. Ne4 Nxe4 12. Bxe4 e5 13. Bd2 f5 14. Bg2 f4 15. c4 Rad8 16. a3 a5 17. Qa4 Rc8 18. b4 axb4 19. axb4 Rfd8 20. bxc5 Bf8 21. Qb5 {1-0 (21) Zienkiewicz,J (2293)-Santos,R (2140) chess.com INT 2024}) 9. Qd2 $146 ({RR} 9. Bd2 Ne6 10. e3 d4 11. exd4 cxd4 12. Ne2 Nd5 13. Nc4 b6 14. a4 Rb8 15. Nc1 a6 16. Nb3 Bb7 17. Re1 Qc7 18. Rxe6 fxe6 19. Qg4 Rf5 20. Nxd4 Bxd4 21. Qxd4 b5 22. axb5 axb5 23. Na5 Ba8 {Plenkovic,Z (2386)-Jakovljevic,V (2411) Zadar 2014 1-0 (67)}) ({RR} 9. e4 Nh5 10. Nxd5 Nxf4 11. gxf4 e6 12. Ne3 Qh4 13. c3 Qxf4 14. cxd4 cxd4 15. N5c4 dxe3 16. fxe3 Qg5 17. Qf3 Bd7 18. a4 Bc6 19. Qf4 Qxf4 20. Rxf4 Rad8 21. Bf1 a6 22. a5 Bb5 23. Rc1 f5 {Kivipelto,K (2212)-Rauramaa,K (2178) Finland 2004 0-1 (34)}) 9... Be6 10. e3 Nf5 11. Nf3 d4 12. exd4 cxd4 13. Ne2 Bd5 14. Be5 Rc8 15. Nexd4 Nxd4 16. Nxd4 Bxg2 17. Kxg2 Qd5+ 18. Nf3 Rfd8 19. Rfe1 e6 20. Qe2 b5 21. a3 Nd7 22. Bxg7 Kxg7 23. Rad1 Nb6 24. Rd2 Kg8 25. Qe3 Qa2 26. c3 Qd5 27. Qf4 Rd7 28. h4 h5 29. Kg1 Qb7 30. Ne5 Rd5 31. Qf6 Rf8 32. Re4 Rd6 33. Qg5 Nd5 34. Rd4 Rfd8 35. Re2 Qe7 36. Qxe7 Nxe7 37. Rxd6 Rxd6 38. d4 f6 39. Nd3 Kf7 40. Nc5 Nd5 41. Kf1 Rc6 42. Re1 e5 43. Nb3 exd4 44. Nxd4 Rb6 45. Ke2 g5 46. Kf3 Ne7 47. hxg5 fxg5 48. Re5 g4+ 49. Kg2 h4 50. gxh4 1-0